000 00496nam a2200181Ia 4500
005 20250326143651.0
008 250326s9999 xx 000 0 und d
037 _aTextbook
040 _aFMSL
_beng
_cFMSL
041 _aeng
_2eng
084 _aX:89ZB.4 P4
_qFMSL
100 _aQwen A D
_9748347
245 0 _aEconomics of climate change
_cQwen A D
260 _aNew York
_bNew York, Routledge
_c2004
300 _a297p
942 _cTB
_hX:89ZB.4 P4
999 _c1300503
_d1300503